| 000 | 01162nam a22002897a 4500 | ||
|---|---|---|---|
| 008 | 130821s2006 enka gr eng | ||
| 020 | _a0754647749 | ||
| 020 | _a9780754647744 | ||
| 040 |
_aCo-BoUCM _bspa |
||
| 041 | 0 | 0 | _aeng |
| 245 | 0 | 0 |
_aHegemony or empire? the redefinition of US power under George W. Bush _ceditores Charles-Philippe David y David Grondin. |
| 260 |
_aAldershot (Hampshire, Inglaterra) _bAshgate _cc2006 |
||
| 300 |
_axviii, 237 páginas _bilustraciones |
||
| 504 | _aIncluye referencias bibliográficas e índice. | ||
| 600 | 1 | 0 |
_aBush, George Walker _q(George Walker) _d1946- _9144514 |
| 650 | 0 | 4 |
_aCiencia política _9340 |
| 650 | 0 | 4 |
_aEquilibrio internacional _914697 |
| 650 | 0 | 4 |
_aHegemonía _zEstados Unidos _916700 |
| 650 | 0 | 4 |
_aImperialismo _917199 |
| 650 | 0 | 4 |
_aPolítica mundial _y1995-2005 _922002 |
| 651 |
_aEstados Unidos _bRelaciones internacionales _y2001 _97595 |
||
| 700 | 1 |
_aDavid, Charles Philippe. _945280 |
|
| 700 | 1 |
_aGrondin, David. _9171428 |
|
| 856 | 4 | 1 |
_3COntenido _uhttp://www.loc.gov/catdir/toc/ecip069/2006007251.html |
| 942 |
_cLIBRO _a6 _e1 _mH462 _2DEWEY _h327.73 |
||
| 999 |
_c90195 _d90195 |
||